000 00423nam a22001577a 4500
999 _c263370
_d263369
003 OSt
005 20240314102921.0
008 240314b xxu||||| |||| 00| 0 eng d
020 _a9780545290494
040 _cRU
100 _aCassidy,John
245 _aThe Klutz Book of Brilliantly Ridiculous Inventions
_cCassidy,John & Brendan Boyle
260 _aUSA
_bScholastic Inc
300 _a24p.
_bill. ;col
942 _2lcc
_cBK